000 00475nam a2200181Ia 4500
001 8007
005 20260306160537.0
008 260306t2005||||xx |||||||||||||| ||spa||
041 _aESP
082 _a370.012
_bT74
100 _aTorres González, José Antonio
_eAUT
245 0 _aLa evaluación en contextos de diversidad:
_buna visión pedagógica
260 _c2005
300 _a176 páginas :
_c17 cm.
650 _aGEN
654 _aCED
942 _cLIB
_dJUS
_fJUS
_2ddc
_n
999 _c8007
_d8007